|
|
|
|
| LEADER |
02284nam a22004814a 4500 |
| 001 |
EBC1168466 |
| 003 |
MiAaPQ |
| 005 |
20080423030928.0 |
| 006 |
m o d | |
| 007 |
cr cn||||||||| |
| 008 |
080423s2005 ncuab sb 001 0 eng d |
| 020 |
|
|
|z 9780822386667
|
| 020 |
|
|
|z 0822386666
|
| 020 |
|
|
|z 0822334585 (cloth : alk. paper)
|
| 020 |
|
|
|z 9780822334583 (cloth : alk. paper)
|
| 020 |
|
|
|z 0822334704 (pbk. : alk. paper)
|
| 020 |
|
|
|z 9780822334705 (pbk. : alk. paper)
|
| 035 |
|
|
|a (MiAaPQ)EBC1168466
|
| 035 |
|
|
|a (Au-PeEL)EBL1168466
|
| 035 |
|
|
|a (CaPaEBR)ebr10217161
|
| 035 |
|
|
|a (OCoLC)226068366
|
| 040 |
|
|
|a MiAaPQ
|c MiAaPQ
|d MiAaPQ
|
| 049 |
|
|
|a NDDP
|
| 050 |
|
4 |
|a HF3400.P68
|b M36 2005
|
| 100 |
1 |
|
|a Mangan, Jane E.,
|d 1969-
|
| 245 |
1 |
0 |
|a Trading roles
|h [electronic resource] :
|b gender, ethnicity, and the urban economy in colonial Potosi /
|c Jane E. Mangan.
|
| 260 |
|
|
|a Durham [N.C.] :
|b Duke University Press,
|c 2005.
|
| 300 |
|
|
|a 277 p. :
|b ill., maps.
|
| 490 |
1 |
|
|a Latin America otherwise
|
| 504 |
|
|
|a Includes bibliographical references (p. [255]-266) and index.
|
| 505 |
0 |
|
|a The largest population and the most commerce -- Making room to sell -- Light on the chicha, heavy on the bread: the colonial market for brewing and baking -- The world of credit in the city of silver -- Enterprising women -- Vale un Potosi?: the urban marketplace in the face of decline, 1650-1700.
|
| 533 |
|
|
|a Electronic reproduction. Ann Arbor, MI : ProQuest, 2015. Available via World Wide Web. Access may be limited to ProQuest affiliated libraries.
|
| 650 |
|
0 |
|a Sex role
|x Economic aspects
|z Bolivia
|z Potosi
|x History
|y 16th century.
|
| 650 |
|
0 |
|a Sex role
|x Economic aspects
|z Bolivia
|z Potosi
|x History
|y 17th century.
|
| 651 |
|
0 |
|a Potosi (Bolivia)
|x Commerce
|x History
|y 16th century.
|
| 651 |
|
0 |
|a Potosi (Bolivia)
|x Commerce
|x History
|y 17th century.
|
| 651 |
|
0 |
|a Potosi (Bolivia)
|x Ethnic relations
|x History
|y 16th century.
|
| 651 |
|
0 |
|a Potosi (Bolivia)
|x Ethnic relations
|x History
|y 17th century.
|
| 655 |
|
4 |
|a Electronic books.
|
| 710 |
2 |
|
|a ProQuest (Firm)
|
| 830 |
|
0 |
|a e-Duke books scholarly collection.
|
| 830 |
|
0 |
|a Latin America otherwise.
|
| 856 |
4 |
0 |
|u https://ebookcentral.proquest.com/lib/matrademy/detail.action?docID=1168466
|z Click to View
|